Cuestiones bioquímicas y farmacéuticas / (Record no. 170588)

MARC details
000 -LEADER
campo de control de longitud fija 01291nam a2200313 i 4500
001 - NÚMERO DE CONTROL
campo de control 170588
003 - IDENTIFICADOR DE NÚMERO DE CONTROL
campo de control ES-MaACL
005 - FECHA Y HORA DE LA ÚLTIMA TRANSACCIÓN
campo de control 20260206150800.0
008 - DATOS DE LONGITUD FIJA--INFORMACIÓN GENERAL
campo de control de longitud fija 090323s1925 sp |||| | spa d
080 ## - NÚMERO DE LA CLASIFICACIÓN DECIMAL UNIVERSAL
Número de la Clasificación Decimal Universal 577
080 ## - NÚMERO DE LA CLASIFICACIÓN DECIMAL UNIVERSAL
Número de la Clasificación Decimal Universal 615
100 1# - ENTRADA PRINCIPAL--NOMBRE DE PERSONA
Nombre de persona Rodríguez Carracido, José,
Fechas asociadas al nombre 1856-1928
9 (RLIN) 98407
245 10 - MENCIÓN DEL TÍTULO
Título Cuestiones bioquímicas y farmacéuticas /
Mención de responsabilidad, etc. por José R. Carracido ; publicadas por la clase farmacéutica, como homenaje al sabio maestro ; [prólogo, José Casares Gil].
250 ## - MENCION DE EDICION
Mención de edición 2ª ed., corr. y aum.
260 ## - PUBLICACIÓN, DISTRIBUCIÓN, ETC.
Lugar de publicación, distribución, etc. Madrid :
Nombre del editor, distribuidor, etc. [s.n.],
Fecha de publicación, distribución, etc. 1925 (
Fabricante Imp. Clásica Española)
300 ## - DESCRIPCIÓN FÍSICA
Extensión 527 p. :
Otras características físicas 1 retr. ;
Dimensiones 25 cm.
505 8# - NOTA DE CONTENIDO CON FORMATO
Nota de contenido con formato Contiene: Biografía del Excmo. e Ilmo. Sr. D. José Rodriguez Carracido / por Joaquín Más y Guindal, p. [9]-79
530 ## - NOTA DISPONIBLE DE FORMULARIO FÍSICO ADICIONAL
Nota de formato físico adicional disponible Disponible en formato digital.
599 ## - NOTA A LAS ILUSTRACIONES
NOTA A LAS ILUSTRACIONES Retr. de José R. Carracido.
600 14 - PUNTO DE ACCESO ADICIONAL DE MATERIA--NOMBRE DE PERSONA
Nombre de persona Rodríguez Carracido, José,
Fechas asociadas al nombre 1856-1928
9 (RLIN) 98407
650 #7 - PUNTO DE ACCESO ADICIONAL DE MATERIA--TÉRMINO DE MATERIA
Término de materia o nombre geográfico como elemento de entrada Bioquímica
Fuente del encabezamiento o término embne
9 (RLIN) 136796
650 #4 - PUNTO DE ACCESO ADICIONAL DE MATERIA--TÉRMINO DE MATERIA
Término de materia o nombre geográfico como elemento de entrada Farmacia.
9 (RLIN) 136083
700 1# - ENTRADA AGREGADA--NOMBRE PERSONAL
Nombre de persona Casares Gil, José,
Fechas asociadas al nombre 1866-1961
9 (RLIN) 36166
700 1# - ENTRADA AGREGADA--NOMBRE PERSONAL
Nombre de persona Más y Guindal, Joaquín.
9 (RLIN) 78652
852 ## - LOCALIZACIÓN
Ubicación ES-MaACL
Número de control de estantería G-8650
Ubicación en estantería Sala Pecera Planta 3
856 4# - LOCALIZACIÓN Y ACCESO ELECTRÓNICOS
Identificador Uniforme de Recursos <a href="http://bdh-rd.bne.es/viewer.vm?id=0000201948&page=1 ">http://bdh-rd.bne.es/viewer.vm?id=0000201948&page=1 </a>
Texto de enlace Biblioteca Digital Hispánica
942 ## - ELEMENTOS DE ENTRADA SECUNDARIOS (KOHA)
Fuente del sistema de clasificación o colocación Clasificación decimal universal
Holdings
Estatus retirado Estado de pérdida Estado de daño No para préstamo Colección Biblioteca de origen Biblioteca actual Ubicación en estantería Fecha de adquisición Fuente de adquisición Total de préstamos Signatura topográfica completa Código de barras Visto por última vez Precio de reemplazo Tipo de ítem Koha
        Colección digital Biblioteca del Ateneo de Madrid Biblioteca del Ateneo de Madrid Sala Pecera Planta 3 23/03/2009     G-8650 1179023 23/02/2023 23/02/2023 Libro impreso